00678naa a22001457i 45000010005000000030009000050050017000140080041000310400029000721000148001012450080002497730175003299420013005049990015005179104KOSZ 00520180426132518.0180322s2011 rm ||||f |||| 00| 0 eng d aKOSZ 005/ARcKOSZ 005/AR1 aKLEPUSZEWSKI, Wojciech.bPolitechnika Koszalińska - Instytut Neofilologii i Komunikacji Społecznej,cZakład Filologii Angielskiejd1999 - .10aThe mothers' sons :cWojciech Klepuszewski.bKatharine Tynan's war poetry /0 iW:tUniversity of Bucharest Review : Literary and Cultural Studies Series. -dBucurești : Editura Universităţii din Bucureşti. -g2011, 13, 2, s. 85-94x2069-8658 2UKDcART c9104d9104